000 00958cam1a220026500 4500
001 lcu00102419
003 DLC
005 20190814092138.0
008 930303s1993 stk 001 0 eng c
020 _a0443046913
035 _a(Sirsi) a140831
050 0 0 _aQM 551 WHE 1993
100 1 _aBurkitt, H. George.
_6A3047.1
245 1 0 _aWheater's functional histology :
_ba text and colour atlas /
_cH. George Burkitt, Barbara Young and John W. Heath.
250 _a3rd ed.
260 _aEdinburgh :
_bChurchill Livinstone,
_c1993.
500 _aIncludes index.
500 _aRev. ed. of: Functional histology. 2nd ed. / revised and edited by Paul R. Wheater and H. George Burkitt ; drawings by Philip J. Deakin. 1987.
650 0 _aHistology.
_6S2176.1
650 0 _aHistology -- Atlases.
_xHistology -- Atlases.
_6S1226.1
700 1 _aYoung, Barbara
_6A114386.1
700 1 _aHeath, John W.
_6A114388.1
700 _aDeakin, Philip J.
004 50918
999 _c31639
_d31639